| 000 | 00000nam##2200000za#4500 |
| 001 | 9.589687 |
| 003 | CaOODSP |
| 005 | 20210624195751 |
| 007 | cr ||||||||||| |
| 008 | 150406|2011||||xxc|||||o f|0| 0 eng|d |
| 022 | |a1919-5044 |
| 040 | |aCaOODSP|beng |
| 041 | |aeng |
| 041 | |afre |
| 043 | |an-cn--- |
| 086 | 1 |aFs70-5/2011-023-PDF |
| 110 | 1 |aCanada. |bDepartment of Fisheries and Oceans. |
| 245 | 10|aCapelin (Mallotus villosus) in the Estuary and Gulf of St. Lawrence (NAFO Divisions 4RST) in 2010 / |h[electronic resource]|c[by] François Grégoire and Benoît Bruneau. |
| 260 | |aMont-Joli - Quebec : |bFisheries and Oceans Canada |cc2012. |
| 300 | |a122p.|bfigs., graphs, maps, references, tables |
| 490 | 1 |aCanadian Science Advisory Secretariat research document|x1919-5044|v2011/023, Quebec Region |
| 590 | |a13-24-Supp|b2013-10-18 |
| 792 | |tLe capelan (Mallotus villosus) de l'estuaire et du golfe du Saint-Laurent (Divisions 4RST de l'OPANO) en 2010 / |efre|w(CaOODSP)9.589688 |
| 830 | #0|aResearch document (Canadian Science Advisory Secretariat)|x1919-5044|v2011/023, Quebec Region|w(CaOODSP)9.500505 |
| 856 | 40|ahttp://publications.gc.ca|qPDF|s41738 KB|uhttps://publications.gc.ca/collections/collection_2013/mpo-dfo/Fs70-5-2011-023.pdf|y2011/023, Quebec Region |